Groups of Seven - Ancient Rome - Statistics

General Stats
  • This quiz has been taken 21 times
  • The average score is 16 of 49
Answer Stats
Hint Answer % Correct
Seven Planets Mercury
100%
Seven Planets Venus
100%
Seven Planets Mars
95%
Seven Planets Jupiter
85%
Seven Planets Saturn
80%
Seven Kings of the Aborigines of Latium Saturn
80%
Seven Wonders of the World Great Pyramid of Giza
70%
Seven Wonders of the World Hanging Gardens of Babylon
70%
Seven Wonders of the World Colossus of Rhodes
65%
Seven Wonders of the World Lighthouse of Alexandria
65%
Seven Planets Moon
55%
Seven Kings of Rome Romulus
55%
Seven Wonders of the World Mausoleum at Halicarnassus
50%
Seven Hills of Rome Palatine
50%
Seven Planets Sun
50%
Seven Hills of Rome Capitoline
45%
Seven Wonders of the World Statue of Zeus at Olympia
45%
Seven Wonders of the World Temple of Artemis at Ephesus
40%
Seven Hills of Rome Aventine
35%
Seven Hills of Rome Quirinal
35%
Seven Liberal Arts Music
30%
Seven Hills of Rome Esquiline
25%
Seven Kings of Rome Lucius Tarquinius Priscus
25%
Seven Kings of Rome Lucius Tarquinius Superbus
25%
Seven Kings of Rome Numa Pompilius
25%
Seven Liberal Arts Rhetoric
25%
Seven Hills of Rome Caelian
20%
Seven Hills of Rome Viminal
20%
Seven Kings of Rome Ancus Marcius
10%
Seven Liberal Arts Arithmetic
10%
Seven Liberal Arts Astronomy
10%
Seven Liberal Arts Geometry
10%
Seven Liberal Arts Grammar
10%
Seven Kings of Rome Servius Tullius
10%
Seven Kings of Rome Tullus Hostilius
10%
Seven Kings of the Aborigines of Latium Aeneas
5%
Seven Kings of the Aborigines of Latium Ascanius
5%
Seven Kings of the Aborigines of Latium Latinus
5%
Seven Liberal Arts Logic
5%
Pignora Imperii Acus Matris Deum
0%
Pignora Imperii Ancile
0%
Pignora Imperii Cineres Orestis
0%
Seven Kings of the Aborigines of Latium Faunus
0%
Seven Kings of the Aborigines of Latium Janus
0%
Pignora Imperii Palladium
0%
Seven Kings of the Aborigines of Latium Picus
0%
Pignora Imperii Quadriga Fictilis Veientanorum
0%
Pignora Imperii Sceptrum Priami
0%
Pignora Imperii Velum Ilionae
0%
No matching quizzes found
Score Distribution
Percent of People with Each Score
Percentile by Number Answered
Your Score History
You have not taken this quiz